ABC Klima s.r.o., získala certifikát systému manažérstva kvality

Spoločnosť ABC Klima, s.r.o. Bratislava etablovaná na slovenskom trhu ako vedúca firma v oblasti klimatizácie a chladenia. Proces budovania a zavádzania systému manažérstva kvality (SMK). Získanie certifikátu SMK.

Saved in:
Bibliographic Details
Main Author: Tomanovič, Patrik
Format: Book Chapter
Language:Slovak
Subjects:
Tags: Add Tag
No Tags, Be the first to tag this record!

MARC

LEADER 00000naa a2200000 4500
001 r038865
005 20231002065757.6
041 0 |a slo 
044 |a SK 
245 1 0 |a ABC Klima s.r.o., získala certifikát systému manažérstva kvality  |c Patrik Tomanovič 
520 |a Spoločnosť ABC Klima, s.r.o. Bratislava etablovaná na slovenskom trhu ako vedúca firma v oblasti klimatizácie a chladenia. Proces budovania a zavádzania systému manažérstva kvality (SMK). Získanie certifikátu SMK. 
610 2 0 |a riadenie kvality 
610 2 0 |a systém riadenia kvality 
610 2 0 |a ABC Klima, s.r.o. 
610 2 0 |a certifikáty 
610 2 0 |a kvalita 
100 1 |a Tomanovič, Patrik